EU Energy policy data SEC(2007) 12
Gespeichert in:
| Körperschaft: | |
|---|---|
| Format: | Software Buch |
| Sprache: | Englisch |
| Veröffentlicht: |
Brussels :
European Commission,
2007
|
| Schlagworte: | |
| Online-Zugang: |
|
| Tags: |
Tag hinzufügen
Keine Tags, Fügen Sie den ersten Tag hinzu!
|
MARC
| LEADER | 00000nlm a2200000 4500 | ||
|---|---|---|---|
| 003 | SK-BrCVT | ||
| 005 | 20220621163155.0 | ||
| 007 | c | ||
| 008 | 070116s2007 be e d ||||||eng d | ||
| 035 | |a CVTIDW1413000 | ||
| 040 | |b slo |a EURO:i:portál |e AACR2 | ||
| 041 | 0 | |a eng | |
| 044 | |a be | ||
| 110 | 1 | |a European Commission (Brussels, Belgium) | |
| 245 | 1 | 0 | |a EU Energy policy data |h [elektronický zdroj] : |b SEC(2007) 12 |
| 260 | |a Brussels : |b European Commission, |c 2007 | ||
| 300 | |a 74 s. : |b grafy, tab. ; | ||
| 500 | |a 11 | ||
| 516 | |a Elektronický dokument | ||
| 653 | 1 | |a energetika |a konkurencieschopnosť |a cena energie |a obnoviteľný zdroj |a klimatická zmena |a členský štát | |
| 856 | 4 | |u http://www.edis.sk/ekes/02_eu_energy_policy_data_en.pdf | |
| 910 | |b KED01591 | ||
| 959 | |a TS1200 | ||
| 974 | |f Knihy neprofilové | ||
| 999 | |c 155023 |d 155023 | ||